000 00455nam a2200181Ia 4500
001 20407
005 20260306172804.0
008 260306t2008||||xx |||||||||||||| ||spa||
041 _aESP
082 _a343.2C13
_bR91 2008
100 _aRubio Correa, Marcial
_eAUT
245 0 _aPara conocer la constitución de 1993 texto impreso
260 _c2008
300 _a325 pƔginas :
_ccm.
650 _aGEN
654 _aCDE
942 _cLIB
_dJUS
_fJUS
_2ddc
_n
999 _c20407
_d20407